000 00240nam a2200109Ia 4500
008 190216s9999||||xx |||||||||||||| ||und||
100 _aAyyaneth
245 0 _aMalayalam-Homam
260 _bCurrent Books
650 _aMalayalam
942 _cBK
999 _c23796
_d23796